| 000 | 00870nam a2200217Ia 4500 | ||
|---|---|---|---|
| 999 |
_c39577 _d39577 |
||
| 001 | 6176 | ||
| 003 | GE_BSU | ||
| 005 | 20191202171944.0 | ||
| 008 | 181216s1972||||ge |||||||||||||| ||geo|| | ||
| 040 | _cGE_BSU | ||
| 041 | _ageo | ||
| 080 | _a821.353.1-32 გ-24 | ||
| 100 |
_aგაწერელია, აკაკი. _94939 |
||
| 245 |
_aშამილი და მისი ნაიბი : _bმოთხრობა / _cაკაკი გაწერელია ; რედ. კ. ლორთქიფანიძე. |
||
| 264 |
_aთბილისი : _bნაკადული, _c1972. |
||
| 300 |
_a51გვ. ; _c16 სმ. |
||
| 653 | _aმოთხრობა | ||
| 653 | _aშამილი და მისი ნაიბი | ||
| 700 |
_aლორთქიფანიძე, კ. _eრედაქტორი _93817 |
||
| 942 |
_cBK _2udc |
||